000 00308nam a2200121Ia 4500
008 191201s2018 xx 000 0 und d
100 _aKASTURE, PV ANDGOKHALE, SB
245 0 _aPharmaceutics II
260 _bNirali Pub
_aNew Delhi
_c2018
300 _aMISC
650 _aPharmaceutics - 4
942 _2ddc
_cBK
_03
999 _c8294
_d8294